Los cazadores de partículas: la fascinante historia de la búsqueda y descubrimientos de los fundamentales y últimos componentes de la materia
Saved in:
| 主要作者: | |
|---|---|
| 其他作者: | |
| 格式: | 圖書 |
| 語言: | 西班牙语 |
| 出版: |
Barcelona
Gedisa
1988
|
| 叢編: | Colección Límites de la Ciencia
|
| 主題: | |
| 標簽: |
添加標簽
沒有標簽, 成為第一個標記此記錄!
|
MARC
| LEADER | 00000nam a2200000 a 4500 | ||
|---|---|---|---|
| 001 | UCW1005 | ||
| 003 | CL-VaPUC | ||
| 005 | 20241122095744.0 | ||
| 008 | 900820e19880000SP |||||||||||||||||spa|d | ||
| 999 | |c 215995 |d 215993 | ||
| 040 | |c Pontificia Universidad Católica de Valparaíso | ||
| 082 | 0 | 4 | |a 539.721 |b NEE |2 21 |
| 100 | |a Ne'eman, Yuval |e autor |9 304924 | ||
| 245 | 1 | 4 | |a Los cazadores de partículas: la fascinante historia de la búsqueda y descubrimientos de los fundamentales y últimos componentes de la materia |
| 260 | |a Barcelona |b Gedisa |c 1988 | ||
| 300 | |a 317 p | ||
| 490 | 0 | |a Colección Límites de la Ciencia | |
| 583 | |a last modification |c 19900820 00:00:00 |k Rodrigo Vera | ||
| 650 | 0 | |a Partículas |9 259546 | |
| 650 | 7 | |a FISICA NUCLEAR |2 CL-VaPUC |9 270366 | |
| 650 | 0 | |a Historia |9 255047 | |
| 700 | |a Kirsh, Yoram |e autor |9 873805 | ||
| 942 | |c BK |2 ddc | ||
| 945 | |d 19900820 00:00:00 | ||
| 952 | |0 0 |1 0 |4 0 |6 539_721000000000000_NEE_1988 |7 0 |8 A |9 201334 |a BIBMAT |b BIBMAT |d 2019-11-14 |i 2684993 |o 539.721 NEE 1988 |p 2684993 |r 2025-01-07 |w 2019-11-14 |y BK |k MAT | ||
| 952 | |0 0 |1 0 |4 0 |6 539_721000000000000_NEE_1988 |7 0 |8 A |9 201335 |a BIBCUR |b BIBCUR |d 2019-11-14 |i 2685000 |l 1 |o 539.721 NEE 1988 |p 2685000 |r 2025-04-22 |s 2023-05-15 |w 2019-11-14 |y BK |k FIS | ||
| 952 | |0 0 |1 0 |4 0 |6 539_721000000000000_NEE_1988 |7 0 |8 A |9 201336 |a BIBCUR |b BIBCUR |d 2019-11-14 |i 3177823 |o 539.721 NEE 1988 |p 3177823 |r 2025-04-22 |w 2019-11-14 |y BK |k BCB | ||